000 00387nam a2200157Ia 4500
005 20240807062540.0
008 240806s9999||||xx |||||||||||||| ||eng||
041 _aeng
082 _a919.94
_bTRIA
100 _aVidhyabandhu Tripathi
245 0 _aAustralia avam newziland /
_cVidhyabandhu Tripathi
260 _bKitab Ghar Kanpur
300 _a0
650 _aGeography
942 _cBK
999 _c22176
_d22176